Návrh robotizovaného pracoviska v simulačnom softvéri RobotStudio

Gespeichert in:
Bibliographische Detailangaben
1. Verfasser: Zemko, Filip (Verfasst von)
Weitere Verfasser: Holubek, Radovan (Betreuung Doktorarbeit)
Format: Manuskript Buch
Sprache:Slowakisch
Veröffentlicht: 2020
Schlagworte:
Online-Zugang:http://is.stuba.sk/zp/portal_zp.pl?podrobnosti=147677
Tags: Tag hinzufügen
Keine Tags, Fügen Sie das erste Tag hinzu!

MARC

LEADER 00000ntm a22000003a 4500
001 stuzp77914
003 SK-STU
005 20200718210449.2
007 ta
008 150427s2015----xo-----f-mn---000-0-slo-d
040 |a STU  |b slo 
041 0 |a slo 
100 1 |a Zemko, Filip  |u 063000  |4 aut  |U MTF Materiálovotechnologická fakulta  |T MTF Ústav výrobných technológií  |X 91760  |U M3000  |Y 83  |7 91760 
242 0 1 |a Design of robotized workplace in RobotStudio simulation software  |y eng 
245 1 0 |a Návrh robotizovaného pracoviska v simulačnom softvéri RobotStudio 
260 |c 2020 
650 4 |a robot  |2 slo 
650 4 |a RobotStudio  |2 slo 
650 4 |a robotizované pracovisko  |2 slo 
650 4 |a RobotStudio  |2 eng 
650 4 |a robot  |2 eng 
650 4 |a robotized workplace  |2 eng 
700 1 |a Holubek, Radovan  |u 063800  |k Z1  |4 ths  |U MTF Ústav výrobných technológií  |T MTF Katedra výrobných zariadení a systémov  |X 4311  |U M3800  |Y 660  |7 A000004311 
856 4 |u http://is.stuba.sk/zp/portal_zp.pl?podrobnosti=147677 
996 |c M* BP-9015  |l MMSKP  |s P  |a 0  |w stuzp77914_0001